| 000 | 00932nam a2200337 a 4500 | ||
|---|---|---|---|
| 003 | AR-BaBNM | ||
| 005 | 20251128204232.0 | ||
| 008 | 082120s2002 ||||||||||||||000 | spa|| | ||
| 020 | _a84-7232-301-3 | ||
| 040 | _cAR-BaBNM | ||
| 100 | 1 | _aRosales, Luis | |
| 245 | 0 | 0 |
_aCervantes y la libertad _n1 |
| 260 |
_aMadrid _bEdiciones Cultura Hispánica _bInstituto de Cooperación Iberoamericana _c1985 |
||
| 300 | _a561 p. | ||
| 500 | _aContiene índice alfabético en p. 1187 del tomo segundo | ||
| 650 | 4 | _aTEORIA LITERARIA | |
| 650 | 4 | _aLITERATURA ESPAÑOLA | |
| 650 | 4 | _aBIOGRAFIAS | |
| 650 | 4 | _aCRITICA LITERARIA | |
| 650 | 4 | _aRENACIMIENTO | |
| 650 | 4 | _aNOVELAS | |
| 650 | 4 | _aCOMEDIA | |
| 650 | 4 | _aFILOSOFIA LITERARIA | |
| 653 | _aSIGLO DE ORO | ||
| 653 | _aBARROCO | ||
| 653 | _aFILOSOFIA MORAL | ||
| 655 | _aLITERATURA | ||
| 700 | 1 |
_aMenéndez Pidal, Ramón _eprologuista |
|
| 942 | _cBK | ||
| 998 | _cMARTIN | ||
| 999 |
_c6653 _d6653 |
||